000 00292nam a22001337a 4500
003 OSt
005 20160727222346.0
008 160621b xxu||||| |||| 00| 0 eng d
040 _ctest
245 _aThe Famous Five
260 _aknight Book
_c1968
300 _aThe Famous Five
942 _2ddc
_cBK
999 _c212
_d212